| 000 | 00841cam a22002771 4500 | ||
|---|---|---|---|
| 999 |
_c127446 _d127446 |
||
| 001 | 6144107 | ||
| 003 | ARRUPE | ||
| 005 | 20180118115656.0 | ||
| 008 | 890927s1967 fr 000 0 fre | ||
| 010 | _a 67096848 | ||
| 035 | _a(OCoLC)23427822 | ||
| 040 |
_aDLC _cMiU _dDLC |
||
| 042 | _apremarc | ||
| 050 | 0 | 0 |
_aBX260 _b.L6 |
| 100 | 1 |
_aLossky, Vladimir, _d1903-1958. _938571 |
|
| 245 | 1 | 0 |
_aA l'image et à la ressemblance de Dieu. _cVladimir Lossky |
| 260 |
_aParis, _bAubier-Montaigne _c1967. |
||
| 300 |
_a225 p. ; _c20 cm. |
||
| 490 | 0 | _aLe Buisson ardent | |
| 500 | _aCover illustrated in color. | ||
| 504 | _aBibliographical footnotes. | ||
| 610 | 2 | 0 |
_aOrthodox Eastern Church. _98568 |
| 650 | 0 |
_aTheology _938724 |
|
| 906 |
_a7 _bcbc _coclcrpl _du _encip _f19 _gy-gencatlg |
||
| 942 |
_2lcc _cMONOGRAPH |
||